00353 a2200133 4500003000500000005001700005040000900022082001000031100002900041245009400070260003300164300000800197650001400205Nust20170207153435.0 cNust a005.1 aYousuf , Furqan Muhammad aIntelligent classifier for a direct neural interfacecMuhammad Furqan Yousuf & Midhat Ali aRawalpindibMCS , NUSTc2007 a49p aUG Thesis